| 000 | 00623nam a2200169 i 4500 | ||
|---|---|---|---|
| 001 | 30018 | ||
| 003 | ES-MaACL | ||
| 005 | 20230906154127.0 | ||
| 007 | t| | ||
| 008 | 030123s1917 sp ||||1| spa d | ||
| 100 | 1 |
_aBarón y Martínez de Aguiló, Fernando. _925780 |
|
| 245 | 1 | 0 |
_aPolítica Nacional de subsistencias _b: apuntes / _cFernando Barón y Martínez de Aguiló. |
| 260 |
_aMadrid : _b[s.n., _c1917] ( _fImprenta Alemana) |
||
| 300 | _a3 v. | ||
| 505 | 8 | _aContiene: V. I: Creación y orientación de la Comisaría. -- V. II: Organización y estadísticas. -- V. III: Gráficos. | |
| 852 |
_aES-MaACL _j1518-F-8-10 |
||
| 999 |
_c30018 _d30018 |
||